书目信息 |
| 题名: |
Visual FoxPro 9.0实训与练习
|
|
| 作者: | 赵艳莉 主编 | |
| 分册: | ||
| 出版信息: | 合肥 安徽科学技术出版社 2017 |
|
| 页数: | 154页 | |
| 开本: | 26cm | |
| 丛书名: | ||
| 单 册: | ||
| 中图分类: | TP311.138VFP , TP311.138 | |
| 科图分类: | ||
| 主题词: | 关系数据库系统--高等教育--教材 | |
| 电子资源: | ||
| ISBN: | 978-7-5337-6988-8 | |
| 000 | 00940nam0 2200277 450 | |
| 001 | 2359881001 | |
| 005 | 20231207163907.77 | |
| 010 | @a978-7-5337-6988-8@dCNY 28.00 | |
| 090 | @aTP311.13@bzyl | |
| 096 | @aTP311.13@bzyl | |
| 100 | @a20170324d2017 em y0chiy0120 ea | |
| 101 | 0 | @achi |
| 102 | @aCN@b340000 | |
| 105 | @ay z 000yy | |
| 200 | 1 | @aVisual FoxPro 9.0实训与练习@AVisual FoxPro 9.0 shi xun yu lian xi@f赵艳莉主编 |
| 210 | @a合肥@c安徽科学技术出版社@d2017 | |
| 215 | @a154页@d26cm | |
| 300 | @a高等教育“十三五”规划教材 | |
| 330 | @a本书主要内容包括同步练习、上机实训、模拟试题、同步练习参考答案及试题参考答案五个部分。包括了《Visual FoxPro 9.0数据库应用技术》中的所有知识点。 | |
| 606 | 0 | @a关系数据库系统@x高等教育@j教材 |
| 610 | 0 | @aVisual FoxPro |
| 690 | @aTP311.138VFP@v5 | |
| 690 | @aTP311.138@v4 | |
| 701 | 0 | @a赵艳莉@Azhao yan li@4主编 |
| 801 | 2 | @aCN@b辽宁北配@c20231205 |
| 905 | @aBZT@dTP311.138@e95 | |
| Visual FoxPro 9.0实训与练习/赵艳莉主编.-合肥:安徽科学技术出版社,2017 |
| 154页;26cm |
| 高等教育“十三五”规划教材 |
| ISBN 978-7-5337-6988-8:CNY 28.00 |
| 本书主要内容包括同步练习、上机实训、模拟试题、同步练习参考答案及试题参考答案五个部分。包括了《Visual FoxPro 9.0数据库应用技术》中的所有知识点。 |
| ● |
| 相关链接 |
|
|
|
正题名:Visual FoxPro 9.0实训与练习
索取号:TP311.138/95
 
预约/预借
| 序号 | 登录号 | 条形码 | 馆藏地/架位号 | 状态 | 备注 |
| 1 | 2001553871 | 2001553871 | 辽三/辽宁北配(第三批)/1223/ [索取号:TP311.138/95] | 在馆 | |
| 2 | 2001553872 | 2001553872 | 辽三/辽宁北配(第三批)/1223/ [索取号:TP311.138/95] | 在馆 | |
| 3 | 2001553873 | 2001553873 | 辽三/辽宁北配(第三批)/1223/ [索取号:TP311.138/95] | 在馆 | |
| 4 | 2001553874 | 2001553874 | 辽三/辽宁北配(第三批)/1223/ [索取号:TP311.138/95] | 在馆 | |
| 5 | 2001553875 | 2001553875 | 辽三/辽宁北配(第三批)/1223/ [索取号:TP311.138/95] | 在馆 | |
| 6 | 2001553876 | 2001553876 | 辽三/辽宁北配(第三批)/1223/ [索取号:TP311.138/95] | 在馆 | |
| 7 | 2001553877 | 2001553877 | 辽三/辽宁北配(第三批)/1223/ [索取号:TP311.138/95] | 在馆 | |
| 8 | 2001553878 | 2001553878 | 辽三/辽宁北配(第三批)/1223/ [索取号:TP311.138/95] | 在馆 | |
| 9 | 2001553879 | 2001553879 | 辽三/辽宁北配(第三批)/1223/ [索取号:TP311.138/95] | 在馆 | |
| 10 | 2001553880 | 2001553880 | 辽三/辽宁北配(第三批)/1223/ [索取号:TP311.138/95] | 在馆 | |
| 11 | 2001553881 | 2001553881 | 辽三/辽宁北配(第三批)/1223/ [索取号:TP311.138/95] | 在馆 | |
| 12 | 2001553882 | 2001553882 | 辽三/辽宁北配(第三批)/1223/ [索取号:TP311.138/95] | 在馆 | |
| 13 | 2001553883 | 2001553883 | 辽三/辽宁北配(第三批)/1223/ [索取号:TP311.138/95] | 在馆 | |
| 14 | 2001553884 | 2001553884 | 辽三/辽宁北配(第三批)/1223/ [索取号:TP311.138/95] | 在馆 | |
| 15 | 2001553885 | 2001553885 | 辽三/辽宁北配(第三批)/1223/ [索取号:TP311.138/95] | 在馆 | |
| 16 | 2001553886 | 2001553886 | 辽三/辽宁北配(第三批)/1223/ [索取号:TP311.138/95] | 在馆 | |
| 17 | 2001553887 | 2001553887 | 辽三/辽宁北配(第三批)/1223/ [索取号:TP311.138/95] | 在馆 | |
| 18 | 2001553888 | 2001553888 | 辽三/辽宁北配(第三批)/1223/ [索取号:TP311.138/95] | 在馆 | |
| 19 | 2001553889 | 2001553889 | 辽三/辽宁北配(第三批)/1223/ [索取号:TP311.138/95] | 在馆 | |
| 20 | 2001553890 | 2001553890 | 辽三/辽宁北配(第三批)/1223/ [索取号:TP311.138/95] | 在馆 | |
| 21 | 2001553891 | 2001553891 | 辽三/辽宁北配(第三批)/1223/ [索取号:TP311.138/95] | 在馆 | |
| 22 | 2001553892 | 2001553892 | 辽三/辽宁北配(第三批)/1223/ [索取号:TP311.138/95] | 在馆 | |
| 23 | 2001553893 | 2001553893 | 辽三/辽宁北配(第三批)/1223/ [索取号:TP311.138/95] | 在馆 | |
| 24 | 2001553894 | 2001553894 | 辽三/辽宁北配(第三批)/1223/ [索取号:TP311.138/95] | 在馆 | |
| 25 | 2001553895 | 2001553895 | 辽三/辽宁北配(第三批)/1223/ [索取号:TP311.138/95] | 在馆 | |
| 26 | 2001553896 | 2001553896 | 辽三/辽宁北配(第三批)/1223/ [索取号:TP311.138/95] | 在馆 | |
| 27 | 2001553897 | 2001553897 | 辽三/辽宁北配(第三批)/1223/ [索取号:TP311.138/95] | 在馆 | |
| 28 | 2001553898 | 2001553898 | 辽三/辽宁北配(第三批)/1223/ [索取号:TP311.138/95] | 在馆 | |
| 29 | 2001553899 | 2001553899 | 辽三/辽宁北配(第三批)/1223/ [索取号:TP311.138/95] | 在馆 | |
| 30 | 2001553900 | 2001553900 | 辽三/辽宁北配(第三批)/1223/ [索取号:TP311.138/95] | 在馆 |